000 00676nam a2200289Ia 4500
005 20260324135735.0
008 008 260324s9999 xx 000 0 eng d
020 _a9780429503405
037 _aEBOOK
040 _aCRL
040 _beng
040 _cCRL
041 _2eng
041 _aeng
084 _qCRL
100 _aCarol Stabile
_91193571
245 0 _aTurning The Century
245 0 _bEssays In Media And Cultural Studies
260 _bTaylor and Francis
260 _c2000
365 _a
365 _b62.99
856 _uhttp://www.taylorfrancis.com/books/9780429503405
942 _cEBOOK
999 _c1803127
_d1803127